<?xml version="1.0" encoding="UTF-8"?>
<record
    xmlns:xsi="http://www.w3.org/2001/XMLSchema-instance"
    xsi:schemaLocation="http://www.loc.gov/MARC21/slim http://www.loc.gov/standards/marcxml/schema/MARC21slim.xsd"
    xmlns="http://www.loc.gov/MARC21/slim">

  <leader>02803nam a22002297a 4500</leader>
  <controlfield tag="003">OSt</controlfield>
  <controlfield tag="005">20220322134024.0</controlfield>
  <controlfield tag="007">ta</controlfield>
  <controlfield tag="008">201106b          2013 dr | 00| 0 eng d</controlfield>
  <datafield tag="020" ind1=" " ind2=" ">
    <subfield code="a">9789945492330</subfield>
  </datafield>
  <datafield tag="040" ind1=" " ind2=" ">
    <subfield code="a">DO-SdBNP</subfield>
    <subfield code="b">spa</subfield>
    <subfield code="c">BNPHU</subfield>
  </datafield>
  <datafield tag="110" ind1="2" ind2=" ">
    <subfield code="a">Rep&#xFA;blica Dominicana.</subfield>
    <subfield code="b">Secretar&#xED;a de Estado de Cultura. Direcci&#xF3;n General de Gesti&#xF3;n Literaria</subfield>
    <subfield code="9">77189</subfield>
  </datafield>
  <datafield tag="245" ind1="1" ind2="0">
    <subfield code="a">Masa cr&#xED;tica : </subfield>
    <subfield code="b">memorias del primer Seminario Internacional de la Cr&#xED;tica Literaria en Rep&#xFA;blica Dominicana.</subfield>
  </datafield>
  <datafield tag="260" ind1=" " ind2=" ">
    <subfield code="a">Santo Domingo : </subfield>
    <subfield code="b">Editora Nacional, </subfield>
    <subfield code="c">2013.</subfield>
  </datafield>
  <datafield tag="300" ind1=" " ind2=" ">
    <subfield code="a">286 p. ; </subfield>
    <subfield code="c">23 cm.</subfield>
  </datafield>
  <datafield tag="490" ind1="1" ind2=" ">
    <subfield code="a">Pensamiento dominicano Julio Postigo in memoriam.</subfield>
  </datafield>
  <datafield tag="500" ind1=" " ind2=" ">
    <subfield code="a">Organizado por el Ministerio de Cultura a trav&#xE9;s de la Direcci&#xF3;n de Gesti&#xF3;n Literaria, fue realizado los d&#xED;as 24 y 25 de febrero de 2012 en el Hotel V Centenario, Santo Domingo.</subfield>
  </datafield>
  <datafield tag="505" ind1="0" ind2=" ">
    <subfield code="a">Palabras de apertura / </subfield>
    <subfield code="r"> Basilio Belliard --</subfield>
    <subfield code="t">Los desaf&#xED;os te&#xF3;ricos de la cr&#xED;tica dominicana / </subfield>
    <subfield code="r">Plinio Chah&#xED;n --</subfield>
    <subfield code="t">Historia y literatura: las fronteras de dos disciplinas / </subfield>
    <subfield code="r">Miguel &#xC1;ngel Forner&#xED;n --</subfield>
    <subfield code="t">El sentido de la cr&#xED;tica /</subfield>
    <subfield code="r"> Bruno Rosario Candelier --</subfield>
    <subfield code="t">La cr&#xED;tica literaria y la praxis: el ejemplo de los cuerpos heridos en la literatura dominicana contempor&#xE1;nea / </subfield>
    <subfield code="r">Rita de Maeseneer --</subfield>
    <subfield code="t">En busca del "otro" perdido en los cuentos de Giovanny Cruz / </subfield>
    <subfield code="r">Manuel Garc&#xED;a Cartagena --</subfield>
    <subfield code="t">Est&#xE9;ticas transmodernas: el caso de algunos poemas de &#xC1;ngela Hern&#xE1;ndez /</subfield>
    <subfield code="r">Dra. Ester Gimbernat Gonz&#xE1;lez --</subfield>
    <subfield code="t">La cr&#xED;tica literaria de Pedro Henr&#xED;quez Ure&#xF1;a / </subfield>
    <subfield code="r">Manuel Matos Moquete --</subfield>
    <subfield code="t">La cr&#xED;tica dominicana: entre la apolog&#xED;a y la detractaci&#xF3;n / </subfield>
    <subfield code="r"> Le&#xF3;n David --</subfield>
    <subfield code="t">Escribir la belleza, &#xBF;una pasi&#xF3;n en extinci&#xF3;n? / </subfield>
    <subfield code="r">Fernando Cabrera --</subfield>
    <subfield code="t">Estrategias y apuestas pol&#xED;ticas de la cr&#xED;tica tradicional dominicana / </subfield>
    <subfield code="r"> Di&#xF3;genes C&#xE9;spedes --</subfield>
    <subfield code="t">Panfleto, proclama y paneg&#xED;rico contra el fantasma de la cr&#xED;tica / </subfield>
    <subfield code="r">Andr&#xE9;s L. Mateo --</subfield>
    <subfield code="t">Cr&#xED;tica de la literatura y cr&#xED;tica de la cultura: los horizontes diversos de la interpretacio&#x144; / </subfield>
    <subfield code="r">Odal&#xED;s G. P&#xE9;rez --</subfield>
    <subfield code="t">La narrativa de Marcio Veloz Maggiolo y su rol en la construcci&#xF3;n de la cr&#xED;tica literaria en la Rep&#xFA;blica Dominicana / </subfield>
    <subfield code="r">Nina Bruni --</subfield>
    <subfield code="t">La cr&#xED;tica literaria: &#xE9;tica y responsibilidad social / </subfield>
    <subfield code="r">Pura Emeterio Rond&#xF3;n --</subfield>
    <subfield code="t">Cr&#xED;tica y literatura / </subfield>
    <subfield code="r">Miguel An&#xED;bal Perdomo --</subfield>
    <subfield code="t">Para una nueva cartograf&#xED;a de la historia literaria dominicana: dos ejemplos del siglo XX /</subfield>
    <subfield code="r"> Eugenio Garc&#xED;a Cuevas --</subfield>
    <subfield code="t">Literatura, discurso y performance: cambios de paradigma en la cr&#xED;tica contempor&#xE1;nea / </subfield>
    <subfield code="r">M&#xE9;dar Serrata --</subfield>
    <subfield code="t">Los instrumentos de la cr&#xED;tica /</subfield>
    <subfield code="r"> Manuel N&#xFA;&#xF1;ez --</subfield>
    <subfield code="t">Palabras de clausura /</subfield>
    <subfield code="r"> Basilio Belliard --</subfield>
    <subfield code="t">Bibliograf&#xED;as de los expositores.</subfield>
  </datafield>
  <datafield tag="590" ind1=" " ind2=" ">
    <subfield code="a">Inventariado, 2020 /LP</subfield>
  </datafield>
  <datafield tag="830" ind1=" " ind2="0">
    <subfield code="a">Pensamiento dominicano Julio Postigo in memoriam.</subfield>
    <subfield code="9">74821</subfield>
  </datafield>
  <datafield tag="942" ind1=" " ind2=" ">
    <subfield code="2">ddc</subfield>
    <subfield code="c">LBS1</subfield>
  </datafield>
  <datafield tag="952" ind1=" " ind2=" ">
    <subfield code="0">0</subfield>
    <subfield code="1">0</subfield>
    <subfield code="2">ddc</subfield>
    <subfield code="5">3</subfield>
    <subfield code="7">0</subfield>
    <subfield code="8">PD</subfield>
    <subfield code="a">BNPHU</subfield>
    <subfield code="b">PD</subfield>
    <subfield code="c">HD</subfield>
    <subfield code="d">2020-11-06</subfield>
    <subfield code="e">Nieves L. Enuteneo Rondon </subfield>
    <subfield code="l">0</subfield>
    <subfield code="r">2020-11-06</subfield>
    <subfield code="w">2020-11-06</subfield>
    <subfield code="y">LBS1</subfield>
  </datafield>
  <datafield tag="999" ind1=" " ind2=" ">
    <subfield code="c">49100</subfield>
    <subfield code="d">49100</subfield>
  </datafield>
</record>
